Logo BPK

Biblioteka

Politechniki Koszalińskiej

Postęp i bezpieczeństwo techniczne w technologii saletry amonowej i kwasu azotowego : (Rekord nr 30297)

Szczegóły MARC
000 -ETYKIETA REKORDU
podpole kontrolne o stałej długości 01382nam a2200265 i 4500
001 - NUMER KONTROLNY REKORDU
pole kontrolne bg
040 ## - ŹRÓDŁO KATALOGOWANIA
Instytucja, która utworzyła rekord BPK
041 0# - KOD JĘZYKA
Kod języka tekstu pl
Kod języka streszczenia lub abstraktu en
080 ## - UNIWERSALNA KLASYFIKACJA DZIESIĘTNA - UKD
UKD 661.5:631.8](061.3)
008 - POLE O STAŁEJ DŁUGOŚCI - DANE KONTROLNE
podpole kontrolne o stałej długości s pl f |000 0 pol
245 00 - TYTUŁ/ODPOWIEDZIALNOŚĆ
Tytuł Postęp i bezpieczeństwo techniczne w technologii saletry amonowej i kwasu azotowego :
Ciąg dalszy tytułu [konferencja] Tarnów, 20-21 maja 1993 r. /
Pozostałe elementy strefy tytułu i oznaczenia odpowiedzialności [red. nauk. Andrzej Biskupski].
246 11 - WARIANT TYTUŁU
Tytuł Progress and technical safety in ammonium nitrate and nitric acid technology
260 ## - STREFA ADRESU WYDAWNICZEGO
Miejsce wydania Wrocław :
Nazwa wydawcy/dystrybutora Wydaw. PW,
Data publikacji, dystrybucji/powstania dokumentu 1994.
300 ## - STREFA OPISU FIZYCZNEGO
Objętość 110, [2] s. :
Inne cechy fizyczne fot., rys., wykr. ;
Rozmiary 24 cm.
490 1# - STREFA SERII I DOKUMENTU WIELOCZĘŚCIOWEGO - FORMA NIE DO WYSZUKIWANIA
Tytuł i oznaczenie odpowiedzialności serii Prace Naukowe Instytutu Technologii Nieorganicznej i Nawozów Mineralnych Politechniki Wrocławskiej. Konferencje =
-- Scientific Papers of the Institute of Inorganic Technology and Mineral Fertilizers of the Technical University of Wrocław. Conferences,
ISSN 0084-2893 ;
Numeracja w obrębie serii 21
500 ## - UWAGI OGÓLNE
Tekst uwagi Tyt. równol. : Progress and technical safety in ammonium nitrate and nitric acid technology.
500 ## - UWAGI OGÓLNE
Tekst uwagi Numeracja ser. gł. : 39.
504 ## - UWAGA DOTYCZĄCA BIBLIOGRAFII
Informacje o bibliografii Bibliogr., summ. przy ref.
650 #9 - HASŁO PRZEDMIOTOWE W FORMIE NAZWY OGÓLNEJ LUB JEDNOSTKOWEJ
Nazwa ogólna lub geograficzna Kwas azotowy
Określnik ogólny technologia
650 #9 - HASŁO PRZEDMIOTOWE W FORMIE NAZWY OGÓLNEJ LUB JEDNOSTKOWEJ
Nazwa ogólna lub geograficzna Saletra
Określnik ogólny technologia
655 ## - TERMIN INDEKSOWY - OKREŚLENIE RODZAJU/FORMY DOKUMENTU
Określenie rodzaju/formy dokumentu Materiały konferencyjne
700 1# - HASŁO DODATKOWE - NAZWA OSOBOWA
Nazwa osobowa BISKUPSKI, Andrzej.
Określenie związku między hasłem a opisywanym materiałem Red.
830 #0 - HASŁO DODATKOWE SERII LUB DOKUMENTU WIELOCZĘŚCIOWEGO - TYTUŁ UJEDNOLICONY
Tytuł ujednolicony Prace Naukowe Instytutu Technologii Nieorganicznej i Nawozów Mineralnych Politechniki Wrocławskiej.
Nazwa części/sekcji dzieła Konferencje ;
Oznaczenie tomu 21
856 ## - LOKALIZACJA I DOSTĘP DO ELEKTRONICZNYCH DOKUMENTÓW ZDALNYCH
Link (URL) http://koha.tu.koszalin.pl/cgi-bin/koha/opac-detail.pl?biblionumber=30297
Tekst linku Katalog online BPK
942 ## - DODATKOWE ELEMENTY (KOHA)
Typ dokumentu Książka
Egzemplarze
Wycofany Status egzemplarza Uszkodzony Dostępność Lokalizacja stała Lokalizacja bieżąca Miejsce przechowywania Sygnatura Kod kreskowy Typ dokumentu
      Dostępny Biblioteka Politechniki Koszalińskiej Biblioteka Politechniki Koszalińskiej Wypożyczalnia BG 36938 01605907 Książka
© 2023 Biblioteka Politechniki Koszalińskiej :: KOHA